000 00489nam a22001817a 4500
003 OSt
005 20150318143338.0
008 150318b xxu||||| |||| 00| 0 eng d
040 _cBMC
082 _a808.0687284
100 1 _932836
_aMelhado, Oscar
245 1 4 _aLas pasiones postergadas
_cOScar Edgardo Melhado
260 _a[San Salvador]
_bUCA
_c[1996]
300 _a89 p.
_c22 cm
500 _aÍndice: p. [3]
650 2 4 _929639
_aCuentos salvadoreños
942 _2ddc
_cBK
_hahoj
999 _c19695
_d19695